Ciudadanía y derechos humanos en la comunidad LGBT : una mirada desde la bioética (Registro nro. 14721)

000 -CABECERA
campo de control de longitud fija 02185nam a2200373 i 4500
003 - IDENTIFICADOR DEL NÚMERO DE CONTROL
campo de control CO-BoRNBP
005 - FECHA Y HORA DE LA ÚLTIMA TRANSACCIÓN
campo de control 20230117131637.0
007 - CAMPO FIJO DE DESCRIPCIÓN FÍSICA--INFORMACIÓN GENERAL
campo de control de longitud fija ta
008 - DATOS DE LONGITUD FIJA--INFORMACIÓN GENERAL
campo de control de longitud fija 211020s2021 ck |||er|||| 00| 0 spa d
020 ## - NÚMERO INTERNACIONAL ESTÁNDAR DEL LIBRO
Número Internacional Estándar del Libro 9789586656825
040 ## - FUENTE DE LA CATALOGACIÓN
Centro catalogador/agencia de origen CO-BoRNBP
Lengua de catalogación spa
Normas de descripción rda
Centro/agencia transcriptor CO-MqBPB
041 0# - CÓDIGO DE LENGUA
Código de lengua del texto/banda sonora o título independiente spa
043 ## - CÓDIGO DE ÁREA GEOGRÁFICA
Código de área geográfica s-ck---
082 04 - NÚMERO DE LA CLASIFICACIÓN DECIMAL DEWEY
Número de clasificación 323.3264
Número de documento/Ítem J69c
100 1# - ENTRADA PRINCIPAL--NOMBRE DE PERSONA
Nombre de persona Joya Ramírez, Nohora Estella
Término indicativo de función/relación autora
9 (RLIN) 200079
245 10 - MENCIÓN DE TÍTULO
Título Ciudadanía y derechos humanos en la comunidad LGBT : una mirada desde la bioética
Mención de responsabilidad, etc. Nohora Estella Joya Ramírez
250 ## - MENCIÓN DE EDICIÓN
Mención de edición Edición especial
264 #1 - PRODUCCIÓN, PUBLICACIÓN, DISTRIBUCIÓN, FABRICACIÓN Y COPYRIGHT
Producción, publicación, distribución, fabricación y copyright Bogotá, Colombia
Nombre del de productor, editor, distribuidor, fabricante Siglo del Hombre Editores
-- Universidad El Bosque
Fecha de producción, publicación, distribución, fabricación o copyright 2021
300 ## - DESCRIPCIÓN FÍSICA
Extensión 162 páginas
Dimensiones 22 cm
336 ## - TIPO DE CONTENIDO
Término de tipo de contenido texto
Código de tipo de contenido txt
Fuente rdacontent
337 ## - TIPO DE MEDIO
Nombre/término del tipo de medio sin mediación
Código del tipo de medio n
Fuente rdamedia
338 ## - TIPO DE SOPORTE
Nombre/término del tipo de soporte volumen
Código del tipo de soporte nc
Fuente rdacarrier
490 0# - MENCIÓN DE SERIE
Mención de serie Plan Nacional de Lectura y Escritura Leer es mi Cuento / Ministerio de Cultura
490 0# - MENCIÓN DE SERIE
Mención de serie Colección Bios y Oikos
Designación de volumen o secuencia 19
500 ## - NOTA GENERAL
Nota general A partir de un acercamiento a la comunidad LGBT, este libro propone una reflexión sobre la noción de ciudadanía y su ejercicio. El análisis de los discursos de la comunidad LGBT en el marco de la relación entre derechos humanos y bioética puede contribuir a la comprensión y aplicación de los principios constitucionales de igualdad, multiculturalidad y derechos humanos, con miras a rescatar la dignidad de una “minoría” que exige a la cultura heteronormativa transformar sus prácticas sociales. En este ámbito, la bioética no solo aporta elementos para la comprensión del ejercicio ciudadano desde una postura secularizada y desestigmatizada, sino para la disminución de las violencias de género y la formulación de políticas públicas incluyentes.
504 ## - NOTA DE BIBLIOGRAFÍA, ETC.
Nota de bibliografía, etc. Incluye referencias bibliográficas, índices y glosario
521 ## - NOTA DE PÚBLICO DESTINATARIO
Nota de público destinatario Recomendado para público adulto
650 17 - PUNTO DE ACCESO ADICIONAL DE MATERIA--TÉRMINO DE MATERIA
Término de materia o nombre geográfico como elemento de entrada Comunidad LGBT
Subdivisión general Derechos civiles
Fuente del encabezamiento o término LEMB
9 (RLIN) 196226
650 17 - PUNTO DE ACCESO ADICIONAL DE MATERIA--TÉRMINO DE MATERIA
Término de materia o nombre geográfico como elemento de entrada Ciudadanía
Subdivisión geográfica Colombia
Fuente del encabezamiento o término LEMB
9 (RLIN) 15016
650 17 - PUNTO DE ACCESO ADICIONAL DE MATERIA--TÉRMINO DE MATERIA
Término de materia o nombre geográfico como elemento de entrada Homosexuales
Subdivisión general Derechos civiles
Subdivisión geográfica Colombia
Fuente del encabezamiento o término LEMB
9 (RLIN) 196227
650 17 - PUNTO DE ACCESO ADICIONAL DE MATERIA--TÉRMINO DE MATERIA
Término de materia o nombre geográfico como elemento de entrada Libertades civiles
Subdivisión geográfica Colombia
Fuente del encabezamiento o término LEMB
9 (RLIN) 200080
650 17 - PUNTO DE ACCESO ADICIONAL DE MATERIA--TÉRMINO DE MATERIA
Término de materia o nombre geográfico como elemento de entrada Minorías
Subdivisión general Derechos civiles
Subdivisión geográfica Colombia
Fuente del encabezamiento o término LEMB
9 (RLIN) 196229
942 ## - ELEMENTOS DE PUNTO DE ACCESO ADICIONAL (KOHA)
Fuente del sistema de clasificación o colocación
Tipo de ítem Koha Libro
Existencias
Estado de retiro Estado de pérdida Fuente del sistema de clasificación o colocación Estado dañado No para préstamo Código de colección Localización permanente Ubicación/localización actual Fecha de adquisición Fuente de adquisición Total de préstamos Signatura topográfica completa Código de barras Fecha visto por última vez Número de copia Precio válido a partir de Tipo de ítem Koha Nota pública
          Colección General Biblioteca Pública San Juan Bosco Biblioteca Pública San Juan Bosco 17/01/2023 Dotación BNAL   323.3264 J69c MOS502894 17/01/2023 Ej 1 17/01/2023 Libro Quince dias

© Todos los derechos reservados para la Biblioteca Pública Municipal San Juan Bosco, 2020
Secretaria de Cultura de Mosquera
Carrera 3 N° 10 Esquina Centro Cultural Barrio El Carmén Teléfono: 8270830 Ext: 34
Funcionando con KOHA
Contacto: Biblioteca Pública Municipal San Juan Bosco/ bibliotecasanjuanbosco@mosquera-cundinamarca.gov.co
Mosquera, Cundinamarca